000 00456nam a2200181Ia 4500
001 25263
005 20260414151138.0
008 260414t2002||||xx |||||||||||||| ||spa||
041 _aESP
082 _a346.43
_bG67
100 _aGonzales Barrón, Gunther Hernán
_eAUT
245 0 _aTratado de derecho registral inmobiliario
_b
260 _c2002
300 _a1158 páginas :
_c23 cm.
650 _aDER
654 _aCDE
942 _cLIB
_dJUS
_fJUS
_2ddc
_n
999 _c25263
_d25263